000 00451nam a2200181Ia 4500
001 3942
005 20260306145720.0
008 260306t2012||||xx |||||||||||||| ||spa||
041 _aESP
082 _a305.8
_bS21
100 _aSanborn, Cynthia A. (ed.)
_eAUT
245 0 _aLa discriminación en el Perú:
_bbalance y desafios
260 _c2012
300 _a324 páginas :
_c22 cm.
650 _aGEN
654 _aCHU
942 _cLIB
_dJUS
_fJUS
_2ddc
_n
999 _c3942
_d3942